000 00328nam a22001337a 4500
008 170213b xxu||||| |||| 00| 0 eng d
020 _a9781401840334
041 _aeng
080 _24TH
_a61
100 _a4
101 _aSHM
245 _aLAW, LIABILITY, AND ETHICS FOR MEDICAL OFFICE PROFESSIONAL
_cFLIGHT, M
942 _2udc
_cBK
999 _c5280
_d5280